Загрузка...

Fundamentals of logistics management

Библиографические подробности
Главный автор: Douglas, M. Lambert
Язык:English
Опубликовано: Mcgraw-hill 1998
LEADER 00428nam a22001337a 4500
005 20151215125539.0
008 091230t xxu||||| |||| 00| 0 eng d
100 |a Douglas, M. Lambert  |9 14494 
245 |a Fundamentals of logistics management 
300 |a xxiv, 611p. 
942 |c BB  |6 _ 
260 |b Mcgraw-hill  |c 1998 
999 |c 106384  |d 106384 
952 |0 0  |1 5  |2 ddc  |4 0  |6 _  |7 0  |9 133938  |a SMS  |b SMS  |c GEN  |d 2009-12-30  |p SMS021127  |r 2009-12-30  |w 2009-12-30  |y WR